MARC

LEADER 00000nam0a2200000 4500
001 32412
005 20231101210108.0
010 |a 5823400047 
035 |a (RuTPU)RU\TPU\book\32709 
035 |a BOOK00000059 
090 |a 32412 
100 |a 20011210d1992 u y0engy50 ba 
101 0 |a eng  |a rus 
102 |a RU 
105 |a a e 000|y 
200 1 |a Англо-русский разговорник  |e Для туристов и деловых людей  |f Л. А. Черняховская, О. М. Черняховская 
210 |a Москва  |c Московская международная школа переводчиков  |d 1992 
215 |a 284 с.  |c ил. 
510 1 |a English-Russian Phrase- Book 
606 1 |a Английский язык  |x Учебные пособия для самообразования. Разговорники  |2 stltpush  |3 (RuTPU)RU\TPU\subj\70389  |9 84667 
610 1 |a английский язык 
610 1 |a разговорники 
610 1 |a туризм 
610 1 |a деловые тесты 
686 |a Ш143.21-922.41  |v LBC/SL-A  |2 rubbk 
700 1 |a Черняховская  |g Леонора Александровна 
701 1 |a Серняховская  |g Ольга Мировна 
801 0 |a RU  |b 63413507  |c 20011210  |g PSBO 
801 2 |a RU  |b 63413507  |c 20191025  |g RCR 
942 |c BK